000 01197cam a2200277 4500
001 8431
005 20181127185923.0
008 130626s2013 enk lb 001 0 eng d
010 _a 2013319919
020 _a019808935X (pbk.)
020 _a9780198089353 (pbk.)
082 _a323
_b
_2
100 1 _aNaib, Sudhir.
_c
_e
245 1 4 _aThe right to information in India /
_cSudhir Naib.
250 _aFirst edition.
264 1 _aNew Delhi, India :
_bOxford University Press,
_c2013.
300 _axvi, 236 pages ;
_c19 cm.
336 _atext
_btxt
_2rdacontent
337 _aunmediated
_bn
_2rdamedia
338 _avolume
_bnc
_2rdacarrier
490 0 _aOxford India short introductions
500 _a""Cases"": pages 217-224.
504 _aIncludes bibliographical references (pages 225-228) and index.
505 _aCONTENTS:Freedom of information: a global perspective -- 2. Towards right to information in India -- 3. Right to Information Act, 2005 -- 4. Right of information seekers -- 5. Duties of information suppliers -- 6. Information exempted from disclosure -- 7. Recommendations to improve implementation of right to information.
_g
_r
_t
650 0 _aFreedom of information
_zIndia.
999 _c7290
_d7290